000 00709nam a2200217Ii 4500
003 JO-AjNU
008 230605s9999||||xx |||||||||||||| ||und||
017 _a2012/10/3850
040 _aJO-AjNU
_bara
_erda
_cJO-AjNU
041 _aara
050 1 4 _aPR6059.S5.A8912 2012
100 3 _aايشيجورو، كازو ؛ ترجمة هالة صلاح الدين حسين,
_eauthor
_957275
245 0 0 _aفنان من العالم الطليق
264 3 1 _aعمان: وزارة الثقافة، 2012
300 _a227ص
336 _atext
_btxt
_2rdacontent
337 _aunmediated
_bn
_2rdamedia
338 _avolume
_bnc
_2rdacarrier
490 0 _aابداعات عالمية
650 4 _aرواية
_957276
999 _aA25655
_c29223
_d29223